Formas de narración íntima y el estatuto discursivo en Las sombras que perseguimos /
Gespeichert in:
| 1. Verfasser: | |
|---|---|
| Format: | Unbekannt |
| Sprache: | Spanish |
| Schlagworte: | |
| Tags: |
Tag hinzufügen
Keine Tags, Fügen Sie den ersten Tag hinzu!
|
MARC
| LEADER | 000000000a22000000004500 | ||
|---|---|---|---|
| 001 | 009280 | ||
| 041 | 0 | |a spa | |
| 100 | 1 | |a Chen Sham, Jorge | |
| 245 | 1 | 0 | |a Formas de narración íntima y el estatuto discursivo en Las sombras que perseguimos / |c Jorge Chen Sham. |
| 310 | |a semestral | ||
| 650 | 4 | |a ROTHE DE VALLBONA, RIMA GRETEL, 1931- | |
| 650 | 4 | |a LAS SOMBRAS QUE PERSEGUIMOS | |
| 650 | 4 | |a CRITICAS | |
| 773 | 0 | |x 0377-628X |d San José, Costa Rica : Editorial de la Universidad de Costa Rica |t Revista de Filología y Lingüística de la Universidad de Costa Rica |g volumen I, número extraordinario (1995), páginas 75-80 | |
| 942 | |c ARC | ||
| 999 | |c 15157 |d 15157 | ||
